El pacifismo de Juan Luis Vives / (Record no. 13887)

MARC details
000 -LEADER
campo de control de longitud fija 01004nam a2200265 i 4500
001 - NÚMERO DE CONTROL
campo de control 13887
003 - IDENTIFICADOR DE NÚMERO DE CONTROL
campo de control ES-MaACL
005 - FECHA Y HORA DE LA ÚLTIMA TRANSACCIÓN
campo de control 20250821153214.0
007 - CAMPO FIJO DE DESCRIPCIÓN FÍSICA--INFORMACIÓN GENERAL
campo de control de longitud fija t|
008 - DATOS DE LONGITUD FIJA--INFORMACIÓN GENERAL
campo de control de longitud fija 980720s1997 sp ||||l| spa d
020 ## - NÚMERO INTERNACIONAL ESTÁNDAR DEL LIBRO
Número Internacional Estándar del Libro 84-88639-99-6
080 ## - NÚMERO DE LA CLASIFICACIÓN DECIMAL UNIVERSAL
Número de la Clasificación Decimal Universal 1 Vives, Juan Luis:32
080 ## - NÚMERO DE LA CLASIFICACIÓN DECIMAL UNIVERSAL
Número de la Clasificación Decimal Universal 32:1 Vives, Juan Luis
100 1# - ENTRADA PRINCIPAL--NOMBRE DE PERSONA
Nombre de persona Abellán, José Luis,
Fechas asociadas al nombre 1933-2023
9 (RLIN) 176509
245 13 - MENCIÓN DEL TÍTULO
Título El pacifismo de Juan Luis Vives /
Mención de responsabilidad, etc. José Luis Abellán.
260 ## - PUBLICACIÓN, DISTRIBUCIÓN, ETC.
Lugar de publicación, distribución, etc. Valencia :
Nombre del editor, distribuidor, etc. Ajuntament de Valencia,
Fecha de publicación, distribución, etc. 1997.
300 ## - DESCRIPCIÓN FÍSICA
Extensión 163 p. ;
Dimensiones 22 cm.
490 1# - MENCIÓN DE SERIE
Mención de serie Colección J.L. Vives ;
Designación de volumen o secuencia 8B
500 ## - NOTA GENERAL
Nota general Acompaña a: De concordia et discordia in humano genere.../ Juan Luis Vives. Valencia : Ajuntament, 1997 (Colección J.L. Vives, 8A). Signatura en Biblioteca del Ateneo: L-21066.
600 14 - PUNTO DE ACCESO ADICIONAL DE MATERIA--NOMBRE DE PERSONA
Nombre de persona Vives, Juan Luis,
Fechas asociadas al nombre 1492-1540-
Subdivisión general Pensamiento político
9 (RLIN) 115578
710 1# - ENTRADA AGREGADA--NOMBRE DE ENTIDAD CORPORATIVA
Nombre de entidad corporativa o nombre de jurisdicción como elemento de entrada Valencia.
Unidad subordinada Ayuntamiento.
9 (RLIN) 7531
830 0# - PUNTO DE ACCESO ADICIONAL DE SERIE-TÍTULO UNIFORME
Título uniforme Colección J.L. Vives ;
Designación de volumen o secuencia 8B
9 (RLIN) 179554
852 ## - LOCALIZACIÓN
Ubicación ES-MaACL
Número de control de estantería L-21067
Holdings
Estatus retirado Estado de pérdida Estado de daño No para préstamo Biblioteca de origen Biblioteca actual Ubicación en estantería Fecha de adquisición Fuente de adquisición Total de préstamos Signatura topográfica completa Código de barras Visto por última vez Precio de reemplazo Tipo de ítem Koha
        Biblioteca del Ateneo de Madrid Biblioteca del Ateneo de Madrid Depósito 2 17/01/2008     L-21067 1014131 23/02/2023 23/02/2023 Libro impreso